[Event "RUS-ch Superfinal"]
[Site "Moscow"]
[Date "2006.12.15"]
[Round "11"]
[White "Inarkiev, Ernesto"]
[Black "Najer, Evgeniy"]
[Result "1-0"]
[WhiteElo "2629"]
[BlackElo "2648"]
[Annotator "Inarkiev,E"]
[PlyCount "81"]
[EventDate "2006.12.03"]
[EventType "tourn"]
[EventRounds "11"]
[EventCountry "RUS"]
[EventCategory "15"]
[SourceTitle "CBM 116"]
[Source "ChessBase"]
[SourceDate "2007.02.01"]
[SourceVersion "1"]
[SourceVersionDate "2007.02.01"]
[SourceQuality "1"]

{It was the last round. I had +2 and chances to get a medal, my opponent was
at the bottom of the crosstable, but still, in the last round everything is
possible.  Es war die letzte Runde. Ich hatte +2 und Chancen auf eine Medaille,
mein Gegner befand sich am Ende der Tabelle, aber trotzdem, in der letzten
Runde ist ja alles möglich.} 1. e4 c5 2. Nf3 d6 3. d4 cxd4 4. Nxd4 Nf6 5. Nc3 {
Black shows his aggressive plans for the battle. Schwarz zeigt seine
aggressiven Pläne für die Schlacht.} a6 6. Be3 e5 7. Nb3 Be7 8. f3 Be6 9. Qd2
O-O 10. O-O-O a5 {Quite a rare variation. This line became popular a few years
ago, thanks to Vallejo Pons; he played it successfully at the highest level. 
Eine recht seltene Variante. Populär wurde dieses Abspiel vor ein paar Jahren
dank Vallejo Pons, der es erfolgreich auf höchster Ebene anwandte.} 11. a4 {
Für den heutigen Tag beschloss ich, ein weniger forciertes Abspiel anzuwenden.
Weiß stoppt sofort die schwarze Aktivität am Damenflügel, auf Kosten des
Feldes b4.} ({The main line is Das Hauptabspiel ist} 11. Bb5) 11... Nc6 12. g4
Nb4 13. Kb1 Rc8 14. h4 $146 {Only now do we have a novelty. Erst jetzt haben
wir eine Neuerung.} ({White got a better position after Eine bessere Stellung
erreicht Weiß nach} 14. Qf2 Nd7 15. Rd2 b6 16. Bb5 Qc7 17. Nd5 Bxd5 18. exd5
$14 {...1/2-1/2, Margoline Boris 2400 - Dao Thien Hai 2475 , Budapest 1994 It 
(46)}) 14... d5 $5 {Black sacrifices a pawn in order to take over the
initiative. Schwarz opfert einen Bauern, um die Initiative zu übernehmen.} ({
Also interesting is Interessant ist auch} 14... Qc7 $5) 15. g5 Nh5 ({A serious
alternative is Eine ernste Alternative ist} 15... Ne8 $5 {(/\Nd6-c4)} 16. exd5
Bf5 17. Rc1 {Here it is more important to have a knight on b3 than a rook on
d1. Hier ist es wichtiger, einen Springer auf b3 zu haben als einen Turm auf
d1.} (17. Na1 $6 Nd6 $36) 17... Nd6 18. Nc5 $5 (18. h5 $6 {Shows how dangerous
Black's initiative can be. Zeigt, wie gefährlich die schwarze Initiative sein
kann.} Nc4 19. Bxc4 Rxc4 20. h6 Qd7 $1 21. hxg7 {, and now Black has the
combination , und nun hat Schwarz die Kombination} Rxc3 $1 (21... Ra8 $5 {
is also possible. ist auch möglich.}) 22. gxf8=Q+ Bxf8 23. Qxc3 (23. bxc3 $143
$2 Qxa4 24. cxb4 Qxb3+ 25. Ka1 Qa3+ 26. Kb1 Bxb4 $19) 23... Qxa4 24. Rcg1 Bxc2+
25. Kc1 Na2+ 26. Kxc2 Nxc3 $17) {The position is complicated, for example Die
Stellung ist kompliziert, z.B.} 18... b5 $5 19. Rh2 $5 ({After Nach} 19. axb5
$6 {Black gets the initiative erhält Schwarz die Initiative} Nxb5 20. Bxb5 Bxc5
21. Rhe1 Qd6 $36 {(/\Rfd8; /\Rb8, Qb6)}) 19... Bxc2+ $5 {This is good for
White, but it is not easy to suggest anything better. Dies ist gut für Weiß,
doch es fällt nicht leicht, etwas Besseres vorzuschlagen.} 20. Rxc2 Nxc2 (20...
Nf5 $143 $6 21. Nb7 $1 $16 {(/\d6)}) 21. Qxc2 b4 22. Ne2 Nf5 23. Qxf5 Bxc5 24.
Bxc5 Rxc5 25. Nc1 Qxd5 26. Bd3 g6 27. Qe4 $16) 16. exd5 Bf5 17. Na1 $1 ({
Here Hier führt} 17. Rc1 $6 {leads to complications: zu Komplikationen:} Ng3 $1
18. Bh3 (18. Rg1 $2 Nxf1 19. Rgxf1 Qd7 $17 {The bishop on f5 is terribly
powerful. Black has a strong attack. Der Läufer auf f5 ist schrecklich stark.
Schwarz hat starken Angriff.}) 18... Bxc2+ $1 19. Rxc2 Nxc2 {where Black is at
least OK. und Schwarz steht zumindest ordentlich.}) 17... Ng3 $6 {This allows
White to exchange the f5-bishop. Dies erlaubt Weiß, den f5-Läufer zu tauschen.}
({More in line with the plan is Mehr im Einklang mit dem Plan ist} 17... Qd7 $5
{taking the h3-square under control. , um das Feld h3 unter Kontrolle zu
nehmen.} 18. d6 $1 {White should change something Weiß sollte irgendetwas
ändern.} ({After the simple nach dem einfachen} 18. Bb5 Qd6 19. Rhe1 ({or} 19.
Ne4 Qg6 20. Rhe1 Rfd8 $13) 19... Rfd8 $44 {Black has full compensation for the
pawn. hat Schwarz volle Kompensation für den Bauern.}) 18... Bd8 19. Bb5 Qe6
20. d7 $1 Rxc3 $1 21. Qxc3 Qa2+ 22. Kc1 Nd5 (22... Qxa1+ $143 23. Kd2 Qa2 24.
Qxe5 $16) 23. Qxe5 Nxe3 24. Qxe3 Qxa1+ 25. Kd2 Qxb2 26. Qc3 Qa2 27. Rhe1 {
This looks better for White, but the position is very sharp. Dies sieht besser
aus für Weiß, aber die Stellung ist sehr scharf.}) 18. Bh3 ({Of course not
Natürlich nicht} 18. Rg1 $2 Nxf1 19. Rgxf1 {and Black has the initiative, for
example und Schwarz hat die Initiative, zum Beispiel} Qd7 $5 {(/\Rc3)} 20. d6
Bd8 21. f4 Qe6 $40 {(/\Rc3)}) 18... Bxh3 ({The move Der Zug} 18... Qd7 {
doesn't work: funktioniert nicht:} 19. Bxf5 Qxf5 {Black wins the pawn back,
but White gets a strong initiative. Schwarz gewinnt den Bauern zurück, doch
Weiß erhält eine starke Initiative.} 20. Rhe1 $1 Qxf3 21. d6 Bd8 22. d7 Rc4 23.
Qf2 $1 $16) 19. Rxh3 Nf5 {(/\Nd6-c4)} 20. f4 $1 {Opens the centre and the 3rd
rank for the rook. Öffnet das Zentrum und die 3. Reihe für den Turm.} Bd6 ({
Nor is Auch} 20... Nxe3 {any better: ist nicht besser:} 21. Qxe3 exf4 22. Qxf4
$16) 21. fxe5 Bxe5 22. Bf4 Re8 ({If} 22... Bxc3 23. Rxc3 Qd7 {then} 24. d6 $1
Qxa4 ({or} 24... Rxc3 25. Qxc3 Nxh4 26. Nb3 $16) 25. Ra3 Qd7 (25... Qb5 26. d7
$18) 26. Rxa5 $16) 23. d6 $2 {White just gives the pawn back. I thought that
there are enough resources to protect it on d6. Unfortunately this is not the
case. Weiß gibt einfach den Bauern zurück. Ich dachte, es gäbe genug
Möglichkeiten, ihn auf d6 zu decken. Leider ist dies nicht der Fall.} ({
It's quite obvious what White should do; there's one bad piece - Na1, and it's
time to improve it. Es ist recht offensichtlich, was Weiß tun sollte; es gibt
eine schlechte Figur - Na1, und es ist Zeit, sie zu verbessern.} 23. Nb3 $1 Nd6
({or} 23... b6 24. Bxe5 Rxe5 25. Nd4 $16) 24. Bxe5 Rxe5 25. Qf4 $1 $16 {
An important move, if Black could now play Qe7, it would be some compensation
because all his pieces are active; but then a5 would be hanging. Ein wichtiger
Zug; wenn Schwarz jetzt Qe7 spielen könnte, hätte er etwas Kompensation, weil
alle seine Figuren aktiv sind; dann aber würde e5 hängen.} Re7 $2 26. Nxa5 $18)
23... Qd7 $1 {The d6-pawn is doomed.  Der d6-Bauer ist verloren.} 24. Bxe5 Rxe5
25. Qf4 Rce8 {Here, I understood that the pawn was lost, and started to look
for how to get some initiative instead.  Hier verstand ich, dass der Bauern
verloren ist, und begann zu überlegen, wie ich stattdessen etwas Initiative
bekommen könnte.} 26. Qg4 $5 ({Obviously worse was Offensichtlich schlechter
wäre} 26. Nb5 $2 Ne3 $1 $17 27. Rdh1 $2 Ng2 $1 $19) ({On playing d6, I was
planning to play here Als ich d6 spielte, wollte ich hier} 26. Rh2 $6 {(/\Rhd2)
simply protecting the pawn, fortsetzen, um den Bauern einfach zu decken, doch
Schwarz hat starkes Gegenspiel nach} {but Black has strong counterplay after}
Ne3 $1 {for example , zum Beispiel} 27. Re2 R5e6 28. Rdd2 Ned5 $1 29. Qg4 Qxd6
$36) 26... R8e6 $6 ({Black could take over the initiative after Schwarz konnte
die Initiative übernehmen nach} 26... Re1 $1 {(/\Qd6)} 27. Rh1 Rxh1 28. Rxh1
Qc6 $1 {Nice move! Now Black takes the pawn immediately. Schöner Zug! Nun
kassiert Schwarz den Bauern sofort.} 29. Rc1 Nxd6 $36) 27. Nb3 Rxd6 28. Rhh1
$36 {Black took back the pawn, but there are weaknesses which he has to defend.
Schwarz hat den Bauern zurückgewonnen, aber er hat Schwächen, die er
verteidigen muss. Nach langem Nachdenken macht er einen Fehler.} {After long
thought, Black makes a mistake.} g6 $2 ({The following combination doesn't
work: Die folgende Kombination funktioniert nicht:} 28... Nxc2 $6 29. Qf4 $1 ({
of course not natürlich nicht} 29. Kxc2 $4 Ne3+) 29... Nce3 30. Qxe5 Nxd1 31.
Ne4 $1 Rd5 32. Qb8+ Qd8 33. Qxd8+ Rxd8 34. Nxa5 $16) ({Black has to defend the
8th rank and the queenside; the most simple way is Schwarz muss die 8. Reihe
verteidigen und den Damenflügel; am einfachsten geht dies mit} 28... Nc6 $5 $13
{It's not easy to move back the active knight. Es fällt nicht leicht, den
aktiven Springer zurückzuziehen.}) 29. Nxa5 $1 {Here we both had about 10
minutes left till the time control, and on the next move, my opponent spent a
big part of his time. Hier hatten wir beide noch etwa 10 Minuten bis zur
Zeitkontrolle, und im nächsten Zug verbrauchte mein Gegner einen Großteil
seiner Zeit.} Nd5 ({Of course not Natürlich nicht} 29... Nxc2 $2 30. Nc4 $18)
30. Ne4 $6 {A serious inaccuracy. Eine ernste Ungenauigkeit.} ({White should
just simplify the position: Weiß konnte die Stellung schlicht vereinfachen:} 
30. Nxd5 $1 Rexd5 31. Rxd5 Rxd5 32. Nb3 $16) 30... Nfe3 $2 {Now White gets a
big advantage. Instead, Black had even two acceptable continuations. Nun
erhält Weiß großen Vorteil. Stattdessen hatte Schwarz sogar zwei annehmbare
Fortsetzungen.} (30... Rxe4 $5 31. Qxe4 Ng3 32. Qc4 ({We both overlooked that
after Wir übersahen beide, dass nach} 32. Qe5 Nxh1 33. Rxh1 {Black has Schwarz}
Nb4 $1 $13 {hat.}) 32... Nxh1 33. Rxh1 Nb6 $14 {White has just a slight edge.
Weiß hat gerade ein leichtes Plus.}) ({Maybe a stronger move was Ein stärkerer
Zug war vielleicht} 30... Ra6 $1 {The problem is obviously the fork: Das
Problem ist offensichtlich die Gabel:} 31. Nc5 {and now und nun} Qc7 $1 32.
Nxa6 Qxa5 $13 {and the knight is trapped. und der Springer ist gefangen.}) 31.
Qxd7 Rxd7 32. Rd4 $1 $16 {A clear extra pawn in the endgame. Ein klarer
Mehrbauer im Endspiel.} Nc3+ $6 (32... b6 $142 33. Nc4 $5 Nxc4 34. Rxc4 $16)
33. bxc3 Rxd4 34. cxd4 Rxa5 ({Or Oder} 34... Rxe4 35. Re1 $18) 35. Re1 Nd5 $6 (
35... Ng4 {was necessary. war erforderlich.}) 36. c4 $1 $18 {The threat Nf6,
Re8 decides. Die Drohung Nf6, Re8 entscheidet.} Nc7 37. Nf6+ Kf8 38. Nxh7+ Kg7
39. Re7 $1 Ne6 40. d5 Nc5 41. Nf6 {After the time control. Black resigned.
Nach der Zeitkontrolle. Schwarz gab auf.} 1-0

[Event "RUS-ch Superfinal"]
[Site "Moscow"]
[Date "2006.12.13"]
[Round "9"]
[White "Inarkiev, Ernesto"]
[Black "Nepomniachtchi, Ian"]
[Result "1-0"]
[WhiteElo "2629"]
[BlackElo "2545"]
[Annotator "Inarkiev,E"]
[PlyCount "69"]
[EventDate "2006.12.03"]
[EventType "tourn"]
[EventRounds "11"]
[EventCountry "RUS"]
[EventCategory "15"]
[SourceTitle "CBM 116"]
[Source "ChessBase"]
[SourceDate "2007.02.01"]
[SourceVersion "1"]
[SourceVersionDate "2007.02.01"]
[SourceQuality "1"]

{Before this game we had a free day. This was the 9th round, just 3 games till
the end; we both had 50%, it was no longer time to play, it was time to start
fighting.  Vor dieser Partie hatten wir einen freien Tag. Dies war die 9.
Runde, nur noch 3 Partien bis zum Ende; wir lagen beide bei 50%, es war nicht
länger Zeit zu spielen, es war Zeit zu kämpfen.} 1. e4 e6 2. d4 d5 3. Nc3 Nf6 {
Yan's main weapon.  Yans Hauptwaffe.} 4. e5 Nfd7 5. f4 c5 6. Nf3 Nc6 7. Be3
cxd4 8. Nxd4 Bc5 9. Qd2 O-O 10. O-O-O a6 11. Kb1 Nxd4 12. Bxd4 b5 {Yan had
already played this position. Yan hatte diese Stellung bereits gespielt.} 13.
Qe3 ({In his previous game White chose In seiner vorigen Partie wählte Weiß} 
13. Qf2 Qb6 14. Bxc5 Nxc5 15. Ne2 b4 16. Ng3 f6 17. exf6 Rxf6 18. Qd4 Ra7 19.
Bd3 Raf7 20. Nh5 Rh6 21. g4 Nd7 22. Be2 Qd6 23. g5 Rxh5 24. Bxh5 Rxf4 25. Qa7
$16 {...1-0, Filippov Anton 2500 - Nepomniachtchi Ian 2506 , Moscow 11. 2.2006
It (open) "Aeroflot" (A2)}) 13... Bxd4 14. Rxd4 Qe7 $146 {This is a novelty.
Dies ist eine Neuerung.} ({Black has tried Schwarz versuchte bereits} 14... Bb7
) ({and und} 14... Qb6) {The centre is closed, White has an advantage in space
and should try to start an attack on the kingside. Black has a solid pawn
structure; the main problem for him is the bad bishop, which will try to
exchange after b4, a5, Ba6 and then he will try to build an initiative on the
queenside.   Das Zentrum ist geschlossen; Weiß hat Raumvorteil und sollte
versuchen, einen Angriff am Königsflügel zu starten. Schwarz hat eine solide
Bauernstruktur; sein Hauptproblem ist der schlechte Läufer, welchen er nach b4,
a5, Ba6 nach Möglichkeit abtauschen wird abzutauschen, um anschließend zu
versuchen, Initiative am Damenflügel zu entfalten.} 15. Bd3 b4 ({Black can't
exploit the awkward location of the rook on d4: Schwarz kann die ungewöhnliche
Postierung des Turmes auf d4 nicht ausnutzen:} 15... Nb8 $6 16. f5 $1 $16) 16.
Ne4 $1 ({On Auf} 16. Ne2 {Black can try kann Schwarz} Nb8 $5 {versuchen.})
16... a5 ({Of course, Black can't take Natürlich kann Schwarz nicht nehmen:} 
16... dxe4 $2 17. Qxe4 $18 {(xa8,xh7)}) 17. Nd6 f5 {Black has to make a
prophylactic move. Schwarz muss einen prophylaktischen Zug machen.} ({If Falls
} 17... Ba6 $2 {then White has a combination: , dann hat Weiß eine Kombination:
} 18. Bxh7+ $1 Kxh7 19. Qh3+ Kg8 20. f5 {(/\Rh4)} Nxe5 21. Rh4 g6 $5 {The only
chance Die einzige Chance.} 22. Rh8+ Kg7 23. Qh6+ Kf6 24. Qh4+ $1 g5 (24... Kg7
25. f6+ Qxf6 26. Qh7#) {and now und nun} 25. Rh6+ $1 Ng6 ({or} 25... Kg7 26.
Rh7+ Kf6 27. Qh6+ Ng6 28. Qg7#) 26. Qd4+ $1 e5 27. Qb6 $1 $18 Kg7 28. fxg6 fxg6
29. Nf5+) 18. g4 $5 {White immediately starts active play. Weiß leitet sofort
aktives Spiel ein.} ({Simple and strong was Einfach und stark war} 18. h3 $1
Ba6 19. g4 $16) 18... fxg4 19. Be2 $6 {The idea of this manoeuvre is to avoid
the exchange of this bishop, but it gives time to Black. Die Idee dieses
Manövers ist, den Tausch dieses Läufers zu vermeiden, doch dies verschafft
Schwarz Zeit.} ({The move Der Zug} 19. h3 {doesn't lead to success because of
führt nicht zum Erfolg wegen} g3 $1 20. Qxg3 Ba6 $13) ({But White can prevent
g4-g3 by Doch Weiß kann g4-g3 verhindern durch} 19. Qg3 $5 Ba6 20. h3 $1 {
with a strong initiative. For example mit starker Initiative. Zum Beispiel}
Bxd3 21. Rxd3 gxh3 22. Qxh3 $16 h6 23. Rg3 $40) 19... Nc5 $1 20. Bxg4 Nb7 $1 {
Black exploits White's delay and exchanges the strong white knight.  Schwarz
nutzt die Verzögerung von Weiß aus und tauscht den starken weißen Springer.}
21. Nxb7 {White continues to play on the "bad" bishop. Weiß spielt weiter auf
den "schlechten" Läufer.} ({Interesting was also Interessant war auch} 21. Nxc8
$5 Raxc8 22. Qh3 Rc6 23. f5 $1 exf5 24. Bxf5 Rh6 25. Qf3 Qxe5 26. Rxd5 $36)
21... Bxb7 $6 {The first of a series of mistakes. The bishop should defend the
e6-pawn. Der erste in einer Reihe von Fehlern. Der Läufer sollte den e6-Bauern
decken.} (21... Qxb7 $142 {(/\Qb6, Ra7-f7)}) 22. Rg1 $14 Rf7 $6 {Black
probably wants to double rooks. Schwarz will wahrscheinlich die Türme
verdoppeln.} ({The move Der Zug} 22... Kh8 $5 {looks natural. sieht natürlich
aus.}) 23. Qh3 Re8 $2 {This is a big mistake. Dies ist ein schwerer Fehler.} ({
Necessary was Notwendig war} 23... Bc8 {with an acceptable position. mit
annehmbarer Stellung.}) {Now White starts an attack. Nun startet Weiß einen
Angriff.} 24. f5 $1 Qc5 $6 {It's already hard to recommend what Black should
do. Es ist bereits schwer zu empfehlen, was Schwarz tun sollte.} ({Material
was lost after Material geht verloren nach} 24... Qg5 25. Rdd1 exf5 26. Bh5 $16
) ({Maybe Vielleicht} 24... exf5 $5 25. Bxf5 Qxe5 26. Bxh7+ Kf8 {but it's
unbelievable that after , allerdings ist es schwer zu glauben, dass nach} 27.
Rdd1 $40 {Black can save the game with such a king. Schwarz die Partie mit
einem solchen König retten kann.}) 25. Rdd1 $6 {Doesn't spoil things, but
White could win immediately. Verdirbt nichts, aber Weiß konnte sofort gewinnen.
} (25. fxe6 $1 {(/\Bf5)} Qxd4 ({or} 25... Rc7 26. Bf5 $1 Qxd4 27. Qxh7+ Kf8 {
and now und nun} 28. e7+ $1 Kxe7 29. Qxg7+ Kd8 30. Qf6+ Rce7 31. Qd6+ Rd7 32.
Qxd7#) 26. exf7+ Kxf7 {Here White already has a choice. Hier hat Weiß bereits
die Wahl.} 27. Qh5+ $5 Ke7 28. Qg5+ Kf7 29. Rf1+ Kg8 30. Qf5 $18) 25... Rc7 {
What else? Was sonst?} 26. f6 $1 {This decides. Dies entscheidet.} Qxc2+ 27.
Ka1 Bc8 ({If Falls} 27... Qc6 {then , so} 28. Be2 $1 $18 {(/\Bd3;/\Qh6)}) 28.
Bh5 $1 $18 Rd8 ({If Auf} 28... g6 {White has the combination hat Weiß die
Kombination} 29. Bxg6 $5 hxg6 30. Qh6 Rh7 31. f7+ $1 Rxf7 32. Rxg6+ Qxg6 33.
Qxg6+ $18) ({The main idea is illustrated by this variation: Die Hauptidee
veranschaulicht diese Variante:} 28... Rf8 29. f7+ Kh8 ({If Falls} 29... Rfxf7
{then , so} 30. Bxf7+ Kxf7 31. Qh5+ $1 $18) ({or oder} 29... Rcxf7 30. Bxf7+
Rxf7 (30... Kxf7 31. Rc1 $18) 31. Rc1 $18) 30. Bg6 $1 $18) 29. Qh4 ({Also
winning is Es gewinnt auch} 29. f7+ Kf8 30. Qh4 $18) 29... Rf8 30. f7+ Rfxf7
31. Bxf7+ Kxf7 ({Or Oder} 31... Rxf7 32. Rc1 $18) 32. Qg5 {(/\Rc1)} h6 33. Qd8
{(/\Rdf1)} Ba6 {The final nicety. Die letzte Feinheit.} 34. Rxg7+ $1 Kxg7 35.
Rg1+ {Mate is unavoidable. Black resigned. Matt ist unvermeidlich. Schwarz gab
auf.} 1-0